Statistics for 8 biggest countries/US States by Containing Letter, with a map

Click here to take the quiz!

General Stats

  • This quiz has been taken 256 times
  • The average score is 68 of 82

Answers on the Map

Answers color-coded by a green-red scale on the quiz's map according to % correct below.
 

Answer Stats

Area#C/S% Correct
95969615China
99%
27804007Argentina
98%
76920247Australia
98%
32872634India
98%
170982465Russia
98%
85157676Brazil
96%
99846704Canada
96%
23817415Algeria
95%
11417484Colombia
95%
10024503Egypt
95%
6406791France
95%
27249006Kazakhstan
95%
19643755Mexico
95%
12210376South Africa
95%
18614843Sudan
95%
6956621Texas
95%
3571141Germany
94%
17595403Libya
94%
15641104Mongolia
94%
12670002Niger
94%
9237681Nigeria
94%
8819122Pakistan
94%
12852163Peru
94%
21496905Saudi Arabia
94%
4502951Sweden
94%
7835622Turkey
94%
9164452Venezuela
94%
17233373Alaska
93%
4239721California
93%
12840003Chad
93%
11043004Ethiopia
93%
3384241Finland
93%
19109315Indonesia
93%
16481951Iran
93%
12401921Mali
93%
3238021Norway
93%
6035001Ukraine
93%
234485815Democratic Republic of the Congo
92%
4383171Iraq
92%
3779301Japan
92%
5803672Kenya
92%
5059921Spain
92%
10985812Bolivia
90%
7561022Chile
90%
8015904Mozambique
90%
9450871Tanzania
90%
95250678United States
89%
5279681Yemen
89%
6522302Afghanistan
88%
12467003Angola
88%
3312121Vietnam
88%
10307002Mauritania
86%
8256152Namibia
86%
2704671New Zealand
84%
4474002Uzbekistan
84%
7526121Zambia
84%
6765781Myanmar
83%
3420001Republic of the Congo
83%
3907572Zimbabwe
83%
5817301Botswana
82%
6229842Central African Republic
82%
4628402Papua New Guinea
82%
4881001Turkmenistan
81%
4067521Paraguay
75%
115861Qatar
75%
6443290South Sudan
73%
1431001Tajikistan
73%
3149172New Mexico
69%
2533351Wyoming
61%
893421Jordan
60%
2863801Nevada
60%
109911Jamaica
59%
280511Equatorial Guinea
55%
866001Azerbaijan
53%
182721Fiji
49%
232001Djibouti
47%
3224631Ivory Coast
46%
25861Luxembourg
41%
225911New Jersey
40%
1107871Virginia
40%
645591Latvia
28%
1192801Pennsylvania
27%

Score Distribution

Percentile by Number Answered

Percent of People with Each Score

Your Score History

You have not taken this quiz